[Event "Titled Tuesday intern op 5th March"]
[Site "Chess.com INT"]
[Date "2019.03.05"]
[Round "7"]
[White "Clarke, Edward W"]
[Black "Bobula, Mateusz"]
[Result "1-0"]
[WhiteElo "2196"]
[BlackElo "2339"]
[PlyCount "105"]
[EventDate "2019.03.05"]
[EventType "swiss (blitz)"]
[EventRounds "10"]
[EventCountry "USA"]
[SourceTitle "EXT 2021"]
[Source "ChessBase"]
[SourceDate "2020.10.23"]
[SourceVersion "1"]
[SourceVersionDate "2020.10.23"]
[SourceQuality "1"]

1. c4 e6 2. e3 d5 3. b3 c5 4. Nf3 Nc6 5. d4 cxd4 6. Nxd4 Nxd4 7. Qxd4 Nf6 8. cxd5 Qxd5 9. Qxd5 Nxd5 10. Bb5+ Bd7 11. Bxd7+ Kxd7 12. Bb2 Bb4+ 13. Ke2 f6 14. Nd2 Rac8 15. Rac1 e5 16. g4 Ke6 17. h4 a6 18. Ne4 Rhd8 19. Rhd1 Be7 20. Ng3 g6 21. Ne4 f5 22. gxf5+ gxf5 23. Ng5+ Bxg5 24. hxg5 Rxc1 25. Rxc1 Rg8 26. Rh1 Rxg5 27. Rxh7 Rg1 28. Rxb7 Rb1 29. Ba3 Ra1 30. Kf3 Rxa2 31. Bc5 e4+ 32. Kg3 a5 33. Ra7 Rc2 34. Ra6+ Kf7 35. Rxa5 Nf6 36. Bd4 Nh5+ 37. Kh4 Nf6 38. Rxf5 Kg6 39. Rxf6+ Kh7 40. Rf7+ Kg6 41. Rf6+ Kg7 42. Rf4+ Kh7 43. Rxe4 Rxf2 44. Rf4 Rc2 45. b4 Rc6 46. b5 Rg6 47. b6 Rg8 48. b7 Kh6 49. Rf6+ Kh7 50. Rc6 Rb8 51. Rc7+ Kh6 52. Ba7 Rg8 53. b8Q 1-0

[Event "Titled Tuesday intern op 4th Dec"]
[Site "Chess.com INT"]
[Date "2018.12.04"]
[Round "4"]
[White "Clarke, Edward W"]
[Black "Hoffmann, Asa"]
[Result "0-1"]
[WhiteElo "2087"]
[BlackElo "2185"]
[PlyCount "100"]
[EventDate "2018.12.04"]
[EventType "swiss (blitz)"]
[EventRounds "10"]
[EventCountry "USA"]
[SourceTitle "EXT 2021"]
[Source "ChessBase"]
[SourceDate "2020.10.23"]
[SourceVersion "1"]
[SourceVersionDate "2020.10.23"]
[SourceQuality "1"]

1. d4 Nf6 2. c4 c5 3. d5 e5 4. Nc3 d6 5. e4 Be7 6. g3 0-0 7. Bg2 Na6 8. Nge2 Ne8 9. 0-0 Bd7 10. a4 Nb4 11. Be3 Bg5 12. f4 exf4 13. gxf4 Bh6 14. Qd2 Qe7 15. Ng3 g6 16. Rac1 a6 17. a5 Rb8 18. f5 Bxe3+ 19. Qxe3 f6 20. h4 Qg7 21. fxg6 hxg6 22. Qf3 Qh6 23. h5 b6 24. axb6 Rxb6 25. hxg6 Qxg6 26. Qe3 Ng7 27. Rf4 Qg5 28. Rf3 Qxe3+ 29. Rxe3 Re8 30. Kf2 f5 31. exf5 Rxe3 32. Kxe3 Bxf5 33. Nxf5 Nxf5+ 34. Kd2 Nd4 35. Be4 Nb3+ 36. Kd1 Nxc1 37. Kxc1 a5 38. Nb5 Kg7 39. Kd2 Kf6 40. Kc3 Ke5 41. Bh7 Nxd5+ 42. cxd5 Rxb5 43. Bd3 Rb4 44. Bc4 a4 45. Ba2 Rh4 46. Bc4 Rxc4+ 47. Kxc4 Ke4 48. Kb5 Kxd5 49. Kxa4 Kc4 50. b3+ Kc3 0-1

[Event "Titled Tuesday intern op 4th Dec"]
[Site "Chess.com INT"]
[Date "2018.12.04"]
[Round "6"]
[White "Clarke, Edward W"]
[Black "Oparina, Karina"]
[Result "1/2-1/2"]
[WhiteElo "2067"]
[BlackElo "2112"]
[PlyCount "172"]
[EventDate "2018.12.04"]
[EventType "swiss (blitz)"]
[EventRounds "10"]
[EventCountry "USA"]
[SourceTitle "EXT 2021"]
[Source "ChessBase"]
[SourceDate "2020.10.23"]
[SourceVersion "1"]
[SourceVersionDate "2020.10.23"]
[SourceQuality "1"]

1. d4 Nf6 2. c4 e6 3. g3 Bb4+ 4. Bd2 c5 5. Bxb4 cxb4 6. Bg2 0-0 7. Nf3 d6 8. 0-0 Nc6 9. Qb3 a5 10. a3 Qb6 11. axb4 Nxb4 12. Nc3 Bd7 13. e3 Rfc8 14. Nd2 Bc6 15. Nce4 Nxe4 16. Nxe4 Qc7 17. Rac1 Rab8 18. c5 d5 19. Nd6 Rd8 20. Rfd1 Qd7 21. Qa3 Ra8 22. Bf1 b6 23. Be2 Ra7 24. Bf1 Raa8 25. Be2 bxc5 26. dxc5 e5 27. Bd3 g6 28. e4 Nxd3 29. Rxd3 dxe4 30. Rd2 e3 31. Qxe3 Qh3 32. f3 Qe6 33. Rcd1 f6 34. Ne4 Rxd2 35. Rxd2 Bxe4 36. Qxe4 Rc8 37. Rd6 Qc4 38. Rxf6 Qxe4 39. fxe4 Rxc5 40. Ra6 Rb5 41. Ra7 Rxb2 42. Rxa5 Rb1+ 43. Kg2 Rb2+ 44. Kh3 Re2 45. Rxe5 Kg7 46. Re7+ Kf6 47. Rxh7 Rxe4 48. Ra7 Rd4 49. Ra2 Rc4 50. Kg2 Rc3 51. h3 Rb3 52. Rf2+ Kg5 53. Re2 Rc3 54. Kf2 Rb3 55. Re3 Rb4 56. Kf3 Ra4 57. Re5+ Kf6 58. Re4 Ra1 59. Kg4 Ra5 60. h4 Rb5 61. Kf4 Rf5+ 62. Kg4 Rc5 63. Rb4 Ra5 64. Kf4 Rf5+ 65. Kg4 Ra5 66. Rb6+ Kg7 67. Re6 Kf7 68. Re4 Kf6 69. Kh3 Rb5 70. g4 Rb3+ 71. Kg2 Ra3 72. Kf2 Rh3 73. g5+ Kf5 74. Ra4 Ke6 75. Kg2 Rd3 76. Rf4 Rd2+ 77. Kf3 Rd3+ 78. Kg4 Ke5 79. Rf6 Rd4+ 80. Kf3 Rxh4 81. Rxg6 Kf5 82. Rg8 Rf4+ 83. Ke3 Re4+ 84. Kd3 Rg4 85. g6 Rxg6 86. Rxg6 Kxg6 1/2-1/2